000 00305nam a2200121Ia 4500
008 220204s9999 xx 000 0 und d
082 _a631.4
_bBUC
100 _aBrady, Nyle C
245 0 _aNature and properties of soils
260 _aNew York
_bMacmillan
_c1960
700 _aBuckman, Harry
942 _cBK
999 _c21049
_d21049